| 000 | 00492nam a2200121Ia 4500 | ||
|---|---|---|---|
| 008 | 220615s9999||||xx |||||||||||||| ||und|| | ||
| 100 | _aMarÃa del Carmen Cuevas-DÃaz||Dinora Vázquez-Luna | ||
| 245 | 0 | _aSoil Contamination and Alternatives for Sustainable Development | |
| 546 | _aEnglish[eng] | ||
| 650 | _aLife Sciences||Soil Science||Environmental Sciences | ||
| 856 | _uhttps://www.intechopen.com/books/soil-contamination-and-alternatives-for-sustainable-development | ||
| 942 | _cEB | ||
| 999 |
_c17018 _d17018 |
||